000
00295nam a22001337a 4500
008
170913b xxu||||| |||| 00| 0 eng d
020
_a
9780470044780
041
_a
eng
080
_2
8TH
_a
53
100
_a
43
101
_a
FIZ
245
_a
FUNDAMENTALS OF PHYSICS
_c
WALKER,J
942
_2
udc
_c
BK
999
_c
27413
_d
27413